Central Library OPAC University of Rajshahi

In vitro development of salt and heat stress tolerance in rice (oryza satival L.) / (Record no. 85457)

MARC details
000 -LEADER
fixed length control field 00937nam a2200241 a 4500
001 - CONTROL NUMBER
RUCL Control Number 85457
003 - CONTROL NUMBER IDENTIFIER
rucl marc code BD-RjUL
005 - DATE AND TIME OF LATEST TRANSACTION
control field 20250806171639.0
008 - FIXED-LENGTH DATA ELEMENTS--GENERAL INFORMATION
fixed length control field 250806s2024 bg a|||| m||| 00| 0 eng d
035 ## - SYSTEM CONTROL NUMBER
system control number (BD-RjUL)85457
040 ## - CATALOGING SOURCE
Original cataloging agency BD-RjUL
Language of cataloging eng
Transcribing agency BD-RjUL
Modifying agency BD-RjUL
041 ## - LANGUAGE CODE
Language code of Book eng
082 ## - DEWEY DECIMAL CLASSIFICATION NUMBER
DDC Edition number 23
Classification number 633.18
Author mark and Year ZAV 2024
100 ## - MAIN ENTRY--PERSONAL NAME
Personal name Zaman, Toyfiquz
9 (RLIN) 16493
245 10 - TITLE STATEMENT
Title In vitro development of salt and heat stress tolerance in rice (oryza satival L.) /
Statement of responsibility, etc By Toyfiquz, Zaman ;
Name of Supervisor/Co-Supervisor Supervisor : S. M. Shahinul Islam
260 ## - PUBLICATION, DISTRIBUTION, ETC. (IMPRINT)
Place of publication, distribution, etc Rajshahi :
Name of publisher, distributor, etc Institute of Biological Sciences, University of Rajshahi,
Date of publication, distribution, etc 2024
300 ## - PHYSICAL DESCRIPTION
Pagination xiii, 84 leaves :
Other physical details ill, ;
Dimensions 29.cm.
502 ## - DISSERTATION NOTE
Dissertation note Thesis (M.Phil.) -- Institute of Biological Sciences, University of Rajshahi, 2024
504 ## - BIBLIOGRAPHY, ETC. NOTE
Bibliography, etc References ; Leaves 70 - 84
650 ## - SUBJECT ADDED ENTRY--TOPICAL TERM
Topical term or geographic name as entry element Rice
Form subdivision Vitro development
General subdivision Biotechnology
9 (RLIN) 16494
700 ## - ADDED ENTRY--SUPERVISOR/CO-SUPERVISOR NAME
Personal name Islam, S. M. Shahinul, Supervisor
9 (RLIN) 8067
942 ## - ADDED ENTRY ELEMENTS (KOHA)
Source of classification or shelving scheme Dewey Decimal Classification
Koha item type Theses
Holdings
Source of classification or shelving scheme Damaged status Not for loan Collection code Permanent Location Current Location Shelving location Date of accession Source of acquisition Full call number Barcode Date last seen Copy number Thesis
Dewey Decimal Classification   Not For Loan Theses Central Library, University of Rajshahi Central Library, University of Rajshahi Documentation Section 01/08/2025 Controller of Exan. R.U. THE 633.18 ZAV 2024 D5195 06/08/2025 C1 Theses